000 00323nam a2200133Ia 4500
008 191206s9999 xx 000 0 und d
020 _a969755147
090 _aBF63758K43
245 0 _aMind power: Into the 21st century
260 _aZoetic
260 _cc1997
300 _a148 p. : ill. ; 23 cm.
999 _c16497
_d16497